Phan Bội Châu Toàn tập: 10 tập Tập 2 Văn thơ những năm đầu ở nước ngoài
Wedi'i Gadw mewn:
| Fformat: | Llyfr |
|---|---|
| Iaith: | Vietnamese |
| Cyhoeddwyd: |
H.
Trung tâm Văn hoá Ngôn ngữ Đông Tây
1990
Nxb. Thuận Hoá |
| Pynciau: | |
| Tagiau: |
Ychwanegu Tag
Dim Tagiau, Byddwch y cyntaf i dagio'r cofnod hwn!
|
| Thư viện lưu trữ: | Mạng thư viện Đại học Đà Nẵng |
|---|
| LEADER | 01465nam a22004218a 4500 | ||
|---|---|---|---|
| 001 | 000014392 | ||
| 003 | 10757 | ||
| 005 | 20120731140710.0 | ||
| 008 | 120426s1990 b 000 0 od | ||
| 020 | |d 1000b | ||
| 041 | 0 | |a 0112 | |
| 041 | 0 | |a vie | |
| 080 | |a V1 | ||
| 082 | |a 895.922 |b PH-C | ||
| 084 | |a V6(1)1z44 |b PH105B | ||
| 245 | 1 | 0 | |a Phan Bội Châu |b Toàn tập: 10 tập |c Chương Thâu s.t, b.s |n Tập 2 |p Văn thơ những năm đầu ở nước ngoài |
| 260 | |b Trung tâm Văn hoá Ngôn ngữ Đông Tây |c 1990 | ||
| 260 | |a H. |b Nxb. Thuận Hoá | ||
| 300 | |a 615tr : ảnh chân dung |c 24cm | ||
| 500 | |a Chính văn bằng hai thứ tiếng: Việt-Hán Nôm | ||
| 505 | |a T.2=02: Văn thơ những năm đầu ở nước ngoài | ||
| 653 | |a Văn học cân đại | ||
| 653 | |a Thơ | ||
| 653 | |a Văn xuôi | ||
| 653 | |a Toàn tập | ||
| 653 | |a Văn học yêu nước | ||
| 653 | |a Việt Nam | ||
| 773 | |d Nxb Thuận Hóa |d Huế |d 1990 |t Phan Bội Châu |w 10749 | ||
| OWN | |a LSP | ||
| AVA | |a UDN50 |b LSP |d 895.922 PH-C |e available |t Error 5001 Not defined in file expand_doc_bib_avail. |f 1 |g 0 |h N |i 0 |k 1 | ||
| 999 | |a From the UDN01 | ||
| AVA | |a UDN50 |b LSP |d 895.922 PH-C |e available |t Error 5001 Not defined in file expand_doc_bib_avail. |f 1 |g 0 |h N |i 0 |k 1 | ||
| TYP | |a Monograph | ||
| TYP | |a Printed language | ||
| 980 | |a Mạng thư viện Đại học Đà Nẵng | ||